000 00408 a2200145 4500
005 20250628145200.0
020 _a0-07-095159-4
082 _a332.10971 SIK
100 _aSIKLOS P. L
245 _aMoney, Banking, and Financial Institutions: Canada in the Global Environment
250 _a5th Ed.
260 _aToronto
_bMcGraw-Hill Ryerson
_c2004
300 _axxvii; 563Pages; Index
_c23cm
942 _2ddc
_cBKS
999 _c6069
_d6069